[Event "TCh-FRA Top 12 2015"]
[Site "Montpellier FRA"]
[Date "2015.06.08"]
[Round "10.6"]
[Board "6"]
[White "Riff, Jean-Noel"]
[Black "Leriche, Luc"]
[Result "1-0"]
[WhiteTitle "GM"]
[WhiteElo "2488"]
[BlackElo "2129"]
[WhiteTeam "MULHOUSE PHILIDOR"]
[BlackTeam "POITIERS-MIGNE"]
[WhiteFideId "611190"]
[BlackFideId "20600291"]
[EventDate "2015.05.30"]

1. e4 c5 2. Nf3 d6 3. d4 cxd4 4. Nxd4 Nf6 5. Nc3 a6 6. h3 e5 7. Nde2 h5 8. Ng1
Be6 9. Nf3 Qc7 10. Ng5 Bc4 11. Bd3 Nbd7 12. O-O Rc8 13. Be3 Be7 14. Qf3 O-O 15.
Rad1 b5 16. a3 Rb8 17. Qg3 b4 18. axb4 Rxb4 19. Nf3 g6 20. Nh4 Kh7 21. f4 exf4
22. Qxf4 Ne5 23. Nf5 gxf5 24. Qh6+ Kg8 25. Rxf5 Ng6 26. Bd4 Bxd3 27. Bxf6 Bxf6
28. Rxf6 Qc5+ 29. Kh1 Qe5 30. Rf5 Qg7 31. Qxg7+ Kxg7 32. Rxd3 Rxb2 33. Rxd6 Rxc2
34. Nd5 h4 35. Nf4 Rb8 36. Nxg6 Rb1+ 37. Kh2 fxg6 38. Rd7+ Kh6 39. Rf4 a5 40.
Rxh4+ Kg5 41. Rg4+ Kf6 42. Rd6+ Ke7 43. Rgxg6 a4 44. Ra6 Rb4 45. Ra7+ Kf8 46.
Rh6 Kg8 47. Rd6 Rc8 48. e5 Re4 49. e6 1-0

[Event "TCh-FRA Top 12 2015"]
[Site "Montpellier FRA"]
[Date "2015.06.08"]
[Round "10.6"]
[Board "7"]
[White "Picard, Clement"]
[Black "Burri, Quentin"]
[Result "0-1"]
[BlackTitle "FM"]
[WhiteElo "2180"]
[BlackElo "2287"]
[WhiteTeam "POITIERS-MIGNE"]
[BlackTeam "MULHOUSE PHILIDOR"]
[WhiteFideId "615455"]
[BlackFideId "26028654"]
[EventDate "2015.05.30"]

1. e4 c5 2. Nf3 d6 3. Bb5+ Nd7 4. c3 Nf6 5. Qe2 a6 6. Ba4 b5 7. Bc2 e5 8. O-O
Be7 9. d4 O-O 10. Rd1 Qc7 11. d5 Bb7 12. Nbd2 c4 13. Nf1 Rfc8 14. Ng3 g6 15. h3
Bf8 16. Nh2 h5 17. Ngf1 Bg7 18. g4 hxg4 19. hxg4 Re8 20. Ng3 Qd8 21. Kg2 Nh7 22.
Rh1 Ndf8 23. Be3 Bc8 24. Qd2 Bf6 25. Raf1 g5 26. Nf5 Ng6 27. Nf3 Bxf5 28. exf5
Nf4+ 29. Bxf4 exf4 30. Rh5 Kg7 31. Rfh1 Rh8 32. Nxg5 Bxg5 33. f6+ Qxf6 34. Rxh7+
Rxh7 35. Rxh7+ Kf8 36. f3 Re8 37. Kf1 Re3 38. Be4 Bh4 39. Rh5 Be1 40. Qc2 Bg3
41. Kg2 Re1 42. Rh7 Qe7 43. Rh8+ Kg7 44. Rh7+ Kg8 45. Rh5 Qa7 46. Rh1 Qe3 47.
Rxe1 Qxe1 48. Bf5 Bh4 49. Qe4 Qf2+ 50. Kh1 Qf1+ 51. Kh2 Bg3# 0-1

[Event "TCh-FRA Top 12 2015"]
[Site "Montpellier FRA"]
[Date "2015.06.08"]
[Round "10.6"]
[Board "8"]
[White "Choisy, Mathilde"]
[Black "Le Bail, Clara"]
[Result "1-0"]
[WhiteTitle "WFM"]
[WhiteElo "2182"]
[BlackElo "1976"]
[WhiteTeam "MULHOUSE PHILIDOR"]
[BlackTeam "POITIERS-MIGNE"]
[WhiteFideId "634565"]
[BlackFideId "648167"]
[EventDate "2015.05.30"]

1. e4 e6 2. d4 d5 3. Nd2 Nf6 4. e5 Nfd7 5. Bd3 c5 6. c3 Nc6 7. Ngf3 a5 8. O-O g6
9. h4 cxd4 10. cxd4 Qb6 11. h5 Nxd4 12. Nxd4 Qxd4 13. Nf3 Qg4 14. h6 Be7 15. Qc2
O-O 16. Be3 Bd8 17. Nh2 Qb4 18. a3 Qe7 19. Ng4 Kh8 20. Rac1 Bb6 21. Bf4 Qc5 22.
Qe2 Qe7 23. Qd2 Qh4 24. Be2 Bd8 25. g3 Qe7 26. Rc3 b6 27. Rfc1 Ba6 28. Bxa6 Rxa6
29. Be3 Ra7 30. Rc8 Rb7 31. b4 Ra7 32. R8c2 axb4 33. axb4 Ra4 34. Rb1 Ra8 35.
Rbc1 Ra4 36. Rb1 Ra8 37. Qd3 Nb8 38. Nf6 Qb7 39. Ng4 Qe7 40. Qb5 Qd7 41. Qd3 Ra7
42. Qd2 Qb7 43. Rbc1 Be7 44. Bg5 Na6 45. Qf4 Qd7 46. Bxe7 Qxe7 47. Rc8 Rd8 48.
Rxd8+ Qxd8 49. Rc8 1-0

[Event "TCh-FRA Top 12 2015"]
[Site "Montpellier FRA"]
[Date "2015.06.09"]
[Round "11.1"]
[Board "1"]
[White "Fedorchuk, Sergey A."]
[Black "Dorfman, Iossif"]
[Result "1-0"]
[WhiteTitle "GM"]
[BlackTitle "GM"]
[WhiteElo "2657"]
[BlackElo "2574"]
[WhiteTeam "EVRY GRAND ROQUE"]
[BlackTeam "GRASSE ECHECS"]
[WhiteFideId "14102536"]
[BlackFideId "604011"]
[EventDate "2015.05.30"]

1. e4 e5 2. Nf3 Nc6 3. Bb5 Nf6 4. d3 Bc5 5. O-O Nd4 6. Nxd4 Bxd4 7. c3 Bb6 8.
Ba4 c6 9. Na3 d6 10. Nc4 Bg4 11. Qe1 Bc7 12. Bb3 Be6 13. f4 exf4 14. Bxf4 d5 15.
Nd2 Bxf4 16. Rxf4 O-O 17. d4 Re8 18. e5 Nd7 19. Bc2 c5 20. Nf3 cxd4 21. cxd4 Rc8
22. Bd3 Nf8 23. Qg3 Ng6 24. Ng5 Nxf4 25. Bxh7+ Kf8 26. Qxf4 Ke7 27. Rf1 Qb6 28.
Nxe6 fxe6 29. Qg5+ Kd7 30. Rf7+ Kc6 31. Qc1+ Kb5 32. Bd3+ Ka5 33. Qd2+ Qb4 34.
Qxb4+ Kxb4 35. Rxb7+ Ka5 36. b4+ Ka4 37. Bb5+ Ka3 38. Bxe8 Rxe8 39. Rxa7+ Kxb4
40. Rxg7 1-0

[Event "TCh-FRA Top 12 2015"]
[Site "Montpellier FRA"]
[Date "2015.06.09"]
[Round "11.1"]
[Board "2"]
[White "Sasikiran, Krishnan"]
[Black "Feller, Sebastien"]
[Result "1/2-1/2"]
[WhiteTitle "GM"]
[BlackTitle "GM"]
[WhiteElo "2642"]
[BlackElo "2626"]
[WhiteTeam "GRASSE ECHECS"]
[BlackTeam "EVRY GRAND ROQUE"]
[WhiteFideId "5004985"]
[BlackFideId "634654"]
[EventDate "2015.05.30"]

1. e4 c5 2. Nf3 d6 3. d4 cxd4 4. Nxd4 Nf6 5. Nc3 g6 6. Be3 Bg7 7. f3 O-O 8. Qd2
Nc6 9. O-O-O Bd7 10. g4 Rc8 11. Kb1 Ne5 12. h4 Qa5 13. Nd5 Qxd2 14. Nxe7+ Kh8
15. Bxd2 Rce8 16. g5 Nxe4 17. fxe4 Rxe7 18. Bb4 Bg4 19. Bxd6 Rd7 20. Bxf8 Bxd1
21. Bxg7+ Kxg7 22. c3 Bf3 23. Nxf3 Nxf3 24. Be2 Nd2+ 25. Kc2 Nxe4 26. Bf3 Ng3
27. Re1 h6 28. b4 Nf5 29. Bg4 hxg5 30. hxg5 f6 31. gxf6+ Kxf6 32. a4 Kg5 33. Bh3
Rh7 34. Bxf5 gxf5 35. Kd3 Rd7+ 36. Ke2 Re7+ 37. Kf2 Rxe1 38. Kxe1 Kf4 39. Ke2
Ke4 40. a5 f4 41. c4 Kd4 42. a6 bxa6 43. c5 Kd5 44. Kf3 a5 45. bxa5 Kxc5 46.
Kxf4 1/2-1/2

[Event "TCh-FRA Top 12 2015"]
[Site "Montpellier FRA"]
[Date "2015.06.09"]
[Round "11.1"]
[Board "3"]
[White "Relange, Eloi"]
[Black "Llanes Hurtado, Miguel"]
[Result "1/2-1/2"]
[WhiteTitle "GM"]
[BlackTitle "GM"]
[WhiteElo "2468"]
[BlackElo "2444"]
[WhiteTeam "EVRY GRAND ROQUE"]
[BlackTeam "GRASSE ECHECS"]
[WhiteFideId "600822"]
[BlackFideId "2206706"]
[EventDate "2015.05.30"]

1. d4 d5 2. c4 dxc4 3. Nf3 Nf6 4. e3 b5 5. a4 b4 6. Bxc4 e6 7. O-O Be7 8. a5 O-O
9. Nbd2 c5 10. dxc5 Bxc5 11. Nb3 Bd6 12. Qe2 Bb7 13. a6 Bd5 14. Bxd5 exd5 15.
Nbd4 Qd7 16. b3 Nc6 17. Nb5 1/2-1/2

[Event "TCh-FRA Top 12 2015"]
[Site "Montpellier FRA"]
[Date "2015.06.09"]
[Round "11.1"]
[Board "4"]
[White "Apicella, Manuel"]
[Black "Moussard, Jules"]
[Result "1/2-1/2"]
[WhiteTitle "GM"]
[BlackTitle "IM"]
[WhiteElo "2510"]
[BlackElo "2444"]
[WhiteTeam "GRASSE ECHECS"]
[BlackTeam "EVRY GRAND ROQUE"]
[WhiteFideId "600164"]
[BlackFideId "642908"]
[EventDate "2015.05.30"]

1. e4 g6 2. d4 Bg7 3. Nc3 d6 4. Nf3 a6 5. h3 Nd7 6. a4 e6 7. Be2 Ne7 8. Be3 h6
9. Qd2 b6 10. O-O Bb7 11. Rad1 Nf6 12. Bd3 d5 13. e5 Ne4 14. Qe1 Nf5 15. Bc1 Ng5
16. Bxg5 hxg5 17. Ne2 Qe7 18. Nh2 c5 19. c3 O-O-O 20. Ng4 Kb8 21. Qd2 Rc8 22. b4
cxb4 23. cxb4 Rc7 24. a5 b5 25. Rc1 Rc4 26. Bxc4 dxc4 27. f3 Rd8 28. Rfd1 Rd7
29. Kf2 Qd8 30. Qc3 Ne7 31. Ne3 Nc6 32. Rb1 Ka8 33. Ke1 Bf8 34. Rd2 Be7 35. Nc2
Qh8 36. Kf1 Qd8 37. Rbd1 Qf8 38. d5 exd5 39. Rxd5 Rxd5 40. Rxd5 Nxb4 41. Nxb4
Bxb4 42. Qd4 Bxa5 43. Rd7 Qe8 44. Qd6 b4 45. Ke1 1/2-1/2

[Event "TCh-FRA Top 12 2015"]
[Site "Montpellier FRA"]
[Date "2015.06.09"]
[Round "11.1"]
[Board "5"]
[White "Fargere, Francois"]
[Black "Michiels, Bart"]
[Result "1/2-1/2"]
[WhiteTitle "GM"]
[BlackTitle "GM"]
[WhiteElo "2418"]
[BlackElo "2536"]
[WhiteTeam "EVRY GRAND ROQUE"]
[BlackTeam "GRASSE ECHECS"]
[WhiteFideId "615935"]
[BlackFideId "202967"]
[EventDate "2015.05.30"]

1. e4 e6 2. d4 d5 3. Bd3 dxe4 4. Bxe4 Nf6 5. Bf3 c5 6. Ne2 Be7 7. Be3 O-O 8.
Nbc3 Qa5 9. O-O Nc6 10. Qd2 cxd4 11. Nxd4 Ne5 12. Qe2 Nxf3+ 13. Qxf3 Bd7 14.
Rfe1 Rfd8 15. a3 Rac8 16. Nb3 Qa6 17. Bd4 b6 18. Qg3 Bc6 19. Be5 Qc4 20. Rad1
Qg4 21. Nd4 Qxg3 22. Bxg3 Ba8 23. Ndb5 Rxd1 24. Rxd1 a6 25. Bd6 Kf8 26. Bxe7+
Kxe7 27. Nd4 Rd8 28. f3 g6 29. Kf2 e5 30. Nde2 Rxd1 31. Nxd1 Nd7 32. c4 f5 33.
Ke3 g5 34. Ndc3 Kd6 35. b4 Bc6 36. Kd3 Nf6 37. Nc1 e4+ 38. fxe4 Nxe4 39. g3 Nf2+
40. Kd4 Ng4 41. h3 Nf2 42. b5 axb5 43. cxb5 Bb7 44. Na4 Kc7 45. Ke5 Bc8 46. Nc3
Nxh3 47. Nd5+ Kb7 48. Nd3 h5 49. Ne7 f4 50. gxf4 Nxf4 51. Nxf4 gxf4 52. Kxf4 Be6
53. Nc6 Bd7 54. Nd4 Kc7 55. Kg5 Bg4 56. a4 Bd1 57. Nc6 Bxa4 58. Kxh5 Bxb5 59.
Nd4 Bd7 60. Kg5 Kd6 61. Kf4 Kd5 62. Ke3 Kc4 63. Ne2 b5 64. Kd2 Bg4 65. Nf4 Kb3
66. Kc1 Bf5 67. Ne2 b4 68. Nd4+ Ka2 69. Kd2 Bg6 70. Kc1 Be4 71. Kd2 Kb1 72. Ke3
Bb7 73. Kd2 Bd5 74. Ne2 Kb2 75. Nd4 Kb1 76. Ne2 Bf7 77. Nd4 Bg8 78. Kd1 Bc4 79.
Nc6 b3 80. Na5 Be2+ 81. Kxe2 b2 82. Nc4 Kc2 83. Nxb2 Kxb2 1/2-1/2

[Event "TCh-FRA Top 12 2015"]
[Site "Montpellier FRA"]
[Date "2015.06.09"]
[Round "11.1"]
[Board "6"]
[White "Pile, Richard"]
[Black "Battaglini, Gabriel"]
[Result "1/2-1/2"]
[WhiteTitle "IM"]
[BlackTitle "IM"]
[WhiteElo "2430"]
[BlackElo "2451"]
[WhiteTeam "GRASSE ECHECS"]
[BlackTeam "EVRY GRAND ROQUE"]
[WhiteFideId "624110"]
[BlackFideId "621650"]
[EventDate "2015.05.30"]

1. d4 Nf6 2. Nf3 c5 3. d5 g6 4. Nc3 Bg7 5. e4 d6 6. Bb5+ Nfd7 7. a4 O-O 8. O-O
Na6 9. Re1 f6 10. Ne2 Nc7 11. Nf4 Ne5 12. Be2 f5 13. Nxe5 dxe5 14. Nh3 f4 15.
Bg4 e6 16. d6 Ne8 17. Be2 Nxd6 18. f3 Qc7 19. Qd3 Rd8 20. Qc3 Qb6 21. Nf2 a5 22.
b3 Qb4 23. Bb2 Qxc3 24. Bxc3 b6 25. Nd3 Ba6 26. Nb2 Bxe2 27. Rxe2 c4 28. Rd1
cxb3 29. cxb3 Nb7 30. Rxd8+ Rxd8 31. Rd2 Rxd2 32. Bxd2 Bf8 33. Nd3 Nc5 34. Nxc5
Bxc5+ 35. Kf1 Kf7 36. Ke2 Bg1 37. Bc3 Kf6 38. Be1 Ke7 39. Kd3 Kd6 40. h3 Kc5 41.
Bc3 Bd4 42. Be1 Bb2 43. Bd2 Bd4 44. Be1 h5 45. Bd2 Bb2 46. Be1 Bd4 1/2-1/2

[Event "TCh-FRA Top 12 2015"]
[Site "Montpellier FRA"]
[Date "2015.06.09"]
[Round "11.1"]
[Board "7"]
[White "Milliet, Sophie"]
[Black "Szabo, Krisztian1"]
[Result "1/2-1/2"]
[WhiteTitle "IM"]
[BlackTitle "GM"]
[WhiteElo "2369"]
[BlackElo "2518"]
[WhiteTeam "EVRY GRAND ROQUE"]
[BlackTeam "GRASSE ECHECS"]
[WhiteFideId "623725"]
[BlackFideId "722901"]
[EventDate "2015.05.30"]

1. e4 e5 2. Nf3 Nc6 3. Bb5 a6 4. Ba4 Nf6 5. O-O b5 6. Bb3 Bc5 7. c3 d6 8. a4 Rb8
9. d4 Bb6 10. Na3 Bg4 11. axb5 axb5 12. Nxb5 O-O 13. Bc2 Bxf3 14. gxf3 Nh5 15.
f4 Nxf4 16. Bxf4 exf4 17. Qg4 Qf6 18. Kh1 g6 19. Rg1 Nd8 20. b4 Ne6 21. Bb3 Rfe8
22. Bd5 Kg7 23. Qf5 Qh4 24. f3 Kf8 25. Qg4 Qf6 26. Rgd1 h5 27. Qg2 Nd8 28. Na7
Bxa7 29. Rxa7 c6 30. Bc4 Re7 31. Qa2 Kg7 32. Ra1 Rxa7 33. Qxa7 Rb7 34. Qa8 Qe7 1/2-1/2

[Event "TCh-FRA Top 12 2015"]
[Site "Montpellier FRA"]
[Date "2015.06.09"]
[Round "11.1"]
[Board "8"]
[White "Forestier, Carole"]
[Black "Bergez, Luc"]
[Result "0-1"]
[BlackTitle "IM"]
[WhiteElo "2072"]
[BlackElo "2327"]
[WhiteTeam "GRASSE ECHECS"]
[BlackTeam "EVRY GRAND ROQUE"]
[WhiteFideId "641405"]
[BlackFideId "606600"]
[EventDate "2015.05.30"]

1. d4 d6 2. Nf3 Bg4 3. Qd3 c6 4. e4 Nd7 5. Be2 e5 6. O-O Be7 7. Rd1 Ngf6 8. c3
O-O 9. Ng5 Bxe2 10. Qxe2 exd4 11. Rxd4 Re8 12. Bf4 d5 13. e5 Bc5 14. Rd1 Qe7 15.
Re1 Bd6 16. e6 Bxf4 17. exf7+ Qxf7 18. Nxf7 Rxe2 19. Rxe2 Kxf7 20. Nd2 a5 21.
Rae1 a4 22. g3 Bd6 23. Nf3 Ra5 24. Nd4 Bc5 25. Ne6 Rb5 26. Nc7 Ra5 27. Ne6 Bb6
28. Ng5+ Kg6 29. h4 Rb5 30. Kg2 Nc5 31. Rd1 h6 32. Nh3 Bc7 33. Re7 Bd6 34. Re2
Nfe4 35. c4 dxc4 36. Rd4 a3 37. bxa3 c3 38. f3 Rb2 39. Rxb2 cxb2 40. Rb4 Nd3 41.
Rxb2 Nxb2 42. fxe4 c5 43. Kf3 c4 44. Ke3 Bxg3 45. Kd4 0-1

[Event "TCh-FRA Top 12 2015"]
[Site "Montpellier FRA"]
[Date "2015.06.09"]
[Round "11.2"]
[Board "1"]
[White "Iordachescu, Viorel"]
[Black "Donchenko, Alexander"]
[Result "0-1"]
[WhiteTitle "GM"]
[BlackTitle "IM"]
[WhiteElo "2588"]
[BlackElo "2570"]
[WhiteTeam "METZ FISCHER"]
[BlackTeam "VANDOEUVRE-ECHECS"]
[WhiteFideId "13900200"]
[BlackFideId "24603295"]
[EventDate "2015.05.30"]

1. e4 d6 2. d4 Nf6 3. Bd3 g6 4. Nf3 Bg7 5. O-O O-O 6. Re1 c5 7. c3 Qc7 8. h3 b6
9. e5 Nfd7 10. exd6 exd6 11. Na3 d5 12. Nb5 Qc6 13. dxc5 bxc5 14. c4 dxc4 15.
Be4 Qxb5 16. Bxa8 Nc6 17. Bf4 Nd4 18. Bd6 Rd8 19. Bc7 Rf8 20. Rc1 Qxb2 21. Bd6
c3 22. Bxf8 Kxf8 23. Qd3 Nb6 24. Bc6 Bf6 25. Nxd4 cxd4 26. Rb1 Bf5 27. Be4 Bxe4
28. Qxe4 Qxa2 29. Rb5 Qc4 30. Qf4 Kg7 31. Rf5 d3 32. Qd6 gxf5 33. Qg3+ Kh6 34.
Qd6 Nd5 35. Re5 c2 36. Qf8+ Bg7 37. Qd6+ Bf6 38. Qf8+ Bg7 39. Qd6+ f6 0-1

[Event "TCh-FRA Top 12 2015"]
[Site "Montpellier FRA"]
[Date "2015.06.09"]
[Round "11.2"]
[Board "2"]
[White "Solodovnichenko, Yuri"]
[Black "Riazantsev, Alexander"]
[Result "1-0"]
[WhiteTitle "GM"]
[BlackTitle "GM"]
[WhiteElo "2592"]
[BlackElo "2671"]
[WhiteTeam "VANDOEUVRE-ECHECS"]
[BlackTeam "METZ FISCHER"]
[WhiteFideId "14104369"]
[BlackFideId "4125029"]
[EventDate "2015.05.30"]

1. e4 c6 2. d4 d5 3. Nc3 dxe4 4. Nxe4 Bf5 5. Ng3 Bg6 6. h4 h6 7. Nf3 Nd7 8. h5
Bh7 9. Bd3 Bxd3 10. Qxd3 e6 11. Bd2 Ngf6 12. O-O-O Rc8 13. Kb1 c5 14. Qe2 c4 15.
Nf5 c3 16. Bxc3 Rxc3 17. bxc3 Nd5 18. Qc4 N5b6 19. Qb3 Qc7 20. Rhe1 Nf6 21. d5
Bc5 22. dxe6 O-O 23. e7 Re8 24. Ne5 Rxe7 25. Nxe7+ Qxe7 26. Nd7 1-0

[Event "TCh-FRA Top 12 2015"]
[Site "Montpellier FRA"]
[Date "2015.06.09"]
[Round "11.2"]
[Board "3"]
[White "Postny, Evgeny"]
[Black "Bailet, Pierre"]
[Result "1-0"]
[WhiteTitle "GM"]
[BlackTitle "IM"]
[WhiteElo "2630"]
[BlackElo "2519"]
[WhiteTeam "METZ FISCHER"]
[BlackTeam "VANDOEUVRE-ECHECS"]
[WhiteFideId "2804344"]
[BlackFideId "655830"]
[EventDate "2015.05.30"]

1. d4 d5 2. c4 c6 3. Nf3 Nf6 4. Nc3 dxc4 5. a4 Bf5 6. Ne5 Nbd7 7. Nxc4 Nb6 8.
Ne5 a5 9. f3 Nfd7 10. Nxd7 Nxd7 11. e4 Bg6 12. Be3 e5 13. dxe5 Nxe5 14. Qe2 h5
15. Rd1 Qc7 16. Qf2 Bb4 17. Be2 O-O 18. O-O f5 19. exf5 Bxf5 20. h3 Qf7 21. Bd4
Rae8 22. f4 Nc4 23. b3 Nd6 24. Be5 Qxb3 25. Bxd6 Bxd6 26. Rxd6 Qxc3 27. Bxh5 Re7
28. Kh2 Re3 29. Qh4 Rd3 30. Rxd3 Qxd3 31. Re1 Qd4 32. Bd1 c5 33. Bf3 Bh7 34. Kh1
c4 35. Re5 Bg6 36. Bd5+ Bf7 37. Be4 g6 38. Qf6 Qd8 39. Re7 Qd1+ 40. Kh2 Qh5 41.
Rxb7 Qh8 42. Qd6 Qg7 43. Rc7 g5 44. f5 g4 45. f6 Qg5 46. Rc5 Qh6 47. Qg3 Be6 48.
Bf5 Bxf5 49. Rxf5 Rxf6 50. Qxg4+ Kf8 51. Rxa5 Qf4+ 52. Qxf4 Rxf4 53. Re5 1-0

[Event "TCh-FRA Top 12 2015"]
[Site "Montpellier FRA"]
[Date "2015.06.09"]
[Round "11.2"]
[Board "4"]
[White "Brunner, Nicolas"]
[Black "Wirig, Anthony"]
[Result "1/2-1/2"]
[WhiteTitle "IM"]
[BlackTitle "GM"]
[WhiteElo "2432"]
[BlackElo "2496"]
[WhiteTeam "VANDOEUVRE-ECHECS"]
[BlackTeam "METZ FISCHER"]
[WhiteFideId "620246"]
[BlackFideId "615013"]
[EventDate "2015.05.30"]

1. d4 e6 2. c4 Bb4+ 3. Bd2 Bxd2+ 4. Qxd2 d5 5. Nf3 Nf6 6. g3 O-O 7. Bg2 c6 8.
O-O Nbd7 9. Rc1 Qe7 10. Qe3 dxc4 11. Rxc4 Nd5 12. Qd2 N5b6 13. Rc2 e5 14. Nc3 e4
15. Ng5 f5 16. h4 Nf6 17. e3 Nfd5 18. Nxd5 Nxd5 19. Nh3 h6 20. Qd1 Be6 21. Bf1
Rad8 22. Bc4 Nc7 23. Nf4 Kh7 24. Nxe6 Nxe6 25. Bxe6 Qxe6 26. Rc5 Rd5 27. Qb3 Rf7
28. Rxd5 Qxd5 29. Qxd5 cxd5 30. Rc1 h5 31. Kf1 Kg6 32. Rc5 Rd7 33. Ke1 Kf6 34.
Kd2 Ke7 35. Kc3 b6 36. Rc8 Rd8 37. Rxd8 Kxd8 38. Kb4 Kc7 39. a4 Kc6 40. a5 b5
41. Kc3 a6 42. Kb4 Kd6 43. Kc3 Kc6 44. Kb4 1/2-1/2

[Event "TCh-FRA Top 12 2015"]
[Site "Montpellier FRA"]
[Date "2015.06.09"]
[Round "11.2"]
[Board "5"]
[White "Koch, Jean-Rene"]
[Black "Hamitevici, Vladimir"]
[Result "1-0"]
[WhiteTitle "IM"]
[BlackTitle "IM"]
[WhiteElo "2452"]
[BlackElo "2429"]
[WhiteTeam "METZ FISCHER"]
[BlackTeam "VANDOEUVRE-ECHECS"]
[WhiteFideId "600148"]
[BlackFideId "13902393"]
[EventDate "2015.05.30"]

1. e4 e5 2. Nf3 Nc6 3. Bb5 Nge7 4. Nc3 g6 5. d4 exd4 6. Nd5 Bg7 7. Bg5 h6 8. Bf6
Bxf6 9. Nxf6+ Kf8 10. Nxd4 Kg7 11. Qd2 Ng8 12. Nd5 Nf6 13. Nc3 a6 14. Bxc6 dxc6
15. O-O-O c5 16. Nde2 Qxd2+ 17. Rxd2 Re8 18. f3 g5 19. Nd1 Be6 20. Ne3 Ng8 21.
g4 Rad8 22. Rhd1 Rxd2 23. Rxd2 Ne7 24. Nf5+ Bxf5 25. gxf5 Nc6 26. Rd7 Re7 27.
Rxe7 Nxe7 28. Kd2 h5 29. Ke3 f6 30. h3 Nc6 31. f4 b5 32. c3 a5 33. b3 Kf7 34.
Ng3 gxf4+ 35. Kxf4 h4 36. Ne2 Ne5 37. Ke3 c6 38. Nf4 c4 39. bxc4 Nxc4+ 40. Kd4
Ke7 41. Kc5 Nd2 42. Kxc6 Nxe4 43. Nd5+ Kd8 44. Kxb5 Nd6+ 45. Kxa5 Nxf5 46. Nxf6
Ne3 47. Kb5 Ke7 48. Ne4 Nd5 49. a4 Nf4 50. a5 Kd7 51. Ng5 Kc7 52. c4 Ne2 53. Kc5
Nc1 54. Kd5 Nb3 55. Nf3 Nxa5 56. Nxh4 Nc6 57. Nf5 Nb4+ 58. Ke4 Na6 59. h4 Nc5+
60. Ke5 Nd3+ 61. Kf6 Nf4 62. Ne3 Kd7 63. Kf5 Ne6 64. h5 Ke7 65. Nd5+ Kf7 66. Nf4
Nd8 67. Ke5 Ke7 68. Kd5 Nf7 69. c5 Kd7 70. Nd3 Nh6 71. Ne5+ Ke7 72. c6 Nf5 73.
c7 Nd6 74. Kc6 Nc8 75. Kb7 Nd6+ 76. Kb8 Ke6 77. h6 1-0

[Event "TCh-FRA Top 12 2015"]
[Site "Montpellier FRA"]
[Date "2015.06.09"]
[Round "11.2"]
[Board "6"]
[White "Philippe, Christophe"]
[Black "Terrieux, Kevin"]
[Result "0-1"]
[WhiteTitle "IM"]
[BlackTitle "IM"]
[WhiteElo "2375"]
[BlackElo "2439"]
[WhiteTeam "VANDOEUVRE-ECHECS"]
[BlackTeam "METZ FISCHER"]
[WhiteFideId "610038"]
[BlackFideId "622591"]
[EventDate "2015.05.30"]

1. e4 c5 2. Nf3 e6 3. d4 cxd4 4. Nxd4 Nf6 5. Nc3 Nc6 6. Nxc6 bxc6 7. Bd3 d5 8.
O-O Be7 9. Qe2 O-O 10. b3 a5 11. Rd1 Re8 12. Bb2 Qc7 13. Na4 e5 14. h3 Bf8 15.
c4 dxe4 16. Bxe4 Nxe4 17. Qxe4 f5 18. Qe3 f4 19. Qe4 g6 20. c5 Bf5 21. Qc4+ Be6
22. Qc3 Bd5 23. Nb6 Rad8 24. Rd2 Bg7 25. Rad1 Qf7 26. Nc4 Qe6 27. Nd6 Re7 28.
Re1 f3 29. Rd3 Rf8 30. Ne4 fxg2 31. Rf3 Ref7 32. Rxf7 Qxf7 33. Qg3 Bxe4 34. Rxe4
Qd5 35. Qe3 Rf4 36. f3 Rxe4 37. Qxe4 Qd1+ 38. Kxg2 Qd2+ 39. Kg3 Qxb2 40. Qxc6
Qd4 41. Qe6+ Kf8 42. Qc8+ Kf7 43. Qb7+ Kf6 44. Qc6+ Kg5 45. h4+ Qxh4+ 46. Kg2
Qd4 47. Qc8 Qd2+ 48. Kh3 Qf4 49. c6 e4 50. Qd8+ Kh5 51. fxe4 Qg4+ 52. Kh2 Be5+
53. Kh1 Qxe4+ 0-1

[Event "TCh-FRA Top 12 2015"]
[Site "Montpellier FRA"]
[Date "2015.06.09"]
[Round "11.2"]
[Board "7"]
[White "Belkhodja, Slim"]
[Black "Iglesias, Joachim"]
[Result "1/2-1/2"]
[WhiteTitle "GM"]
[WhiteElo "2417"]
[BlackElo "2254"]
[WhiteTeam "METZ FISCHER"]
[BlackTeam "VANDOEUVRE-ECHECS"]
[WhiteFideId "600229"]
[BlackFideId "637823"]
[EventDate "2015.05.30"]

1. e4 d6 2. d4 Nf6 3. Nc3 c6 4. f3 Nbd7 5. Be3 e5 6. Qd2 Be7 7. g4 b5 8. g5 Nh5
9. Nge2 Nb6 10. Ng3 Nxg3 11. hxg3 b4 12. Nd1 d5 13. dxe5 dxe4 14. Qxd8+ Kxd8 15.
f4 Kc7 16. Bg2 Bf5 17. Bxb6+ axb6 18. Ne3 Be6 19. Bxe4 Bc5 20. Nd1 Bc4 21. Bd3
Bd5 22. Rh3 f6 23. gxf6 gxf6 24. exf6 Rae8+ 25. Kf1 Bd4 26. c3 Bxf6 27. cxb4 Bf3
28. Nc3 Bg4 29. Rh6 Bg7 30. Rh4 h5 31. Re1 Rxe1+ 32. Kxe1 Re8+ 33. Kd2 Bd4 34.
Rh2 Re3 35. Be2 Rxg3 36. Bxg4 Be3+ 37. Ke2 hxg4 38. Rh7+ Kb8 39. f5 Bd4 40. Rd7
Bxc3 41. bxc3 Rf3 42. Rf7 Rxc3 43. f6 Rf3 44. a4 Rf5 45. Kd3 g3 46. Ke4 Rf1 47.
Rg7 1/2-1/2

[Event "TCh-FRA Top 12 2015"]
[Site "Montpellier FRA"]
[Date "2015.06.09"]
[Round "11.2"]
[Board "8"]
[White "Steil-Antoni, Fiona"]
[Black "Benmesbah, Natacha"]
[Result "1-0"]
[WhiteTitle "WIM"]
[BlackTitle "WIM"]
[WhiteElo "2094"]
[BlackElo "2199"]
[WhiteTeam "VANDOEUVRE-ECHECS"]
[BlackTeam "METZ FISCHER"]
[WhiteFideId "4001249"]
[BlackFideId "642002"]
[EventDate "2015.05.30"]

1. e4 c5 2. Nc3 Nc6 3. f4 g6 4. Nf3 Bg7 5. Bb5 Nd4 6. O-O Nxb5 7. Nxb5 d6 8. d3
a6 9. Nc3 b5 10. Qe1 b4 11. Nd1 Nf6 12. f5 Nd7 13. Qh4 Ne5 14. Ne3 Bb7 15. Nxe5
Bxe5 16. Ng4 Bd4+ 17. Kh1 h5 18. fxg6 fxg6 19. Nh6 Qd7 20. Bg5 Rh7 21. Rf3 O-O-O
22. Raf1 Qe6 23. b3 Rdh8 24. Nf7 Re8 25. Bd2 Qg4 26. Qe1 Kb8 27. Rg3 Qc8 28.
Rxg6 Rg8 29. Rxg8 Qxg8 30. Ng5 Rg7 31. h4 Bc8 32. c3 Be5 33. cxb4 cxb4 34. Bxb4
Rxg5 35. hxg5 Qxg5 36. Bd2 Qg4 37. Rf3 h4 38. Qf2 Bg3 39. Qb6+ Ka8 40. Qc6+ Kb8
41. Qb6+ Ka8 42. Be3 Qd7 43. Rf8 1-0

[Event "TCh-FRA Top 12 2015"]
[Site "Montpellier FRA"]
[Date "2015.06.09"]
[Round "11.3"]
[Board "1"]
[White "Maze, Sebastien"]
[Black "Demuth, Adrien"]
[Result "1-0"]
[WhiteTitle "GM"]
[BlackTitle "IM"]
[WhiteElo "2572"]
[BlackElo "2515"]
[WhiteTeam "C-E BOIS-COLOMBES"]
[BlackTeam "POITIERS-MIGNE"]
[WhiteFideId "613762"]
[BlackFideId "642274"]
[EventDate "2015.05.30"]

1. e4 c5 2. Nf3 d6 3. Bb5+ Nd7 4. O-O a6 5. Bd3 Ngf6 6. c3 b5 7. Bc2 Bb7 8. Re1
e5 9. d4 cxd4 10. cxd4 Be7 11. a4 O-O 12. d5 Qc7 13. Bd2 Rfc8 14. Na3 bxa4 15.
Bc3 Nc5 16. Nd2 Bd8 17. Bxa4 Nxa4 18. Qxa4 Qe7 19. Nac4 Nd7 20. Ba5 f5 21. Ne3
fxe4 22. Nf5 Qf7 23. Nxd6 Qxd5 24. Nxc8 e3 25. Nf3 exf2+ 26. Kxf2 Rxc8 27. Bxd8
Rxd8 28. Rad1 Qc5+ 29. Kg3 Qc7 30. Qb3+ Kh8 31. Ng5 e4+ 32. Kh3 h5 33. Qf7 Qe5
34. Qxh5+ Kg8 35. Rf1 1-0